000 01062nam0a2200337 4500
001 RU\NLR\BIBL_A\022525307
005 20250718114506.0
010 _a978-5-00222-761-7
_9150
021 _aRU
_bКН-П-25-010856
_9КН-П-25-1103
035 _a(NLR Aleph) 022525307
090 _a13450434
_c13450434
100 _a20250417d2025 u y0rusy50 ca
101 0 _arus
102 _aRU
105 _ac z 000ay
181 0 _ai
_baxxe
182 0 _an
200 1 _aСмерть под псевдонимом
_eроман
_fНиколай Атаров
203 _aТекст
_bвизуальный
_cнепосредственный
210 _aМосква
_cРодина
_d2025
215 _a246, [1] с.
_cпортр.
_d21
225 1 _aТайный фронт
333 _a16+
686 2 _aШ6(2=Р)75-446
700 1 _aАтаров
_bН. С.
_f1907-1978
_gНиколай Сергеевич
942 _cBOOK
980 _aNB
980 _aNB